Kristus v nás rozjímania o Eucharistii

Bibliographic Details
Main Author: Hopko, Vasiľ, blahoslavený, 1904-1976 (Author)
Other Authors: Dancák, František, 1939-2018 (Translator)
Format: Book
Language:Slovak
PhysicalDescription:135 s. 21 cm
Published: Prešov Petra 2005
ISBN:8089007562
Edition:1. vyd.
Subjects:

MARC

LEADER 00000nam a2200000 a 4500
001 vtls008294530
003 SK-MaSNL
005 20260302074134.0
008 240315s2005 xo g 000 0 slo
015 |a SNBA2006/01-00009 
020 |a 8089007562  |q (brož.) 
035 |a B18B1FD2-D6D0-4B7A-89A0-54ECD67DDB68 
035 |a urn:nbn:sk:snk-amkyd8 
035 |a urn:nbn:sk:snk-am008q6a 
040 |a SNK  |b slo  |c SNK  |e AACR2 
041 1 |a slo  |h rue 
044 |a xo  |c SK 
072 7 |a 27-5  |x Kresťanské umenie a symbolika. Duchovný život  |2 konspekt 
080 |a 27-4  |2 1997 
080 |a 27-184.3  |2 1997 
080 |a (0:82-4)  |2 1997 
080 |a 27-584  |2 1997 
100 1 |a Hopko, Vasiľ,  |c blahoslavený,  |d 1904-1976  |4 aut  |9 26997 
245 1 0 |a Kristus v nás  |b rozjímania o Eucharistii  |c Vasiľ Hopko; [ z rusínskeho originálu preložil František Dancák] 
250 |a 1. vyd. 
260 |a Prešov  |b Petra  |c 2005 
300 |a 135 s.  |c 21 cm 
500 |a Z rusínskeho originálu Dr.Vasilij Hopko, pom. jepiskop CHRISTOS V NAS II. vydaného Jeparchialnym Pravitel'stvom v Prešove r. 1948 
504 |a Bibliogr. s. 133-135. Biogr. údaje V. Hopku 
650 0 7 |a eucharistia  |2 SNKPH  |9 796 
650 0 7 |a kresťanský život  |2 SNKPH  |9 1808 
650 0 7 |a kresťanská viera  |2 SNKPH  |9 1712 
650 0 7 |a duchovný život  |2 SNKPH  |9 1807 
655 7 |a úvahy  |2 SNKPH  |9 29403 
700 1 |a Dancák, František,  |d 1939-2018  |4 trl  |9 99141 
919 |a 80-89007-56-2 
958 |a OND 
968 |b RUN  |d 2 
999 |c 1163849  |d 1165779 
952 |a SNK  |b SNK  |y PREZ  |7 0  |p 17A0482081  |o snkSC 121028  |i snk2005/14340  |8 0  |0 0  |1 0  |4 0  |d 2005-08-16  |f 1  |l 0  |r 2025-05-30 00:00:00  |w 2026-02-24 
952 |a SNK  |b SNK  |y VYP  |7 0  |p 17A0482082  |o snkSC 121028 D1  |i snk2005/14342  |8 0  |0 0  |1 0  |4 0  |d 2005-08-16  |l 0  |r 2026-02-24 20:41:21  |w 2026-02-24